000
00315nam a2200133Ia 4500
008
191201s2009 xx 000 0 und d
082
_a
621.381548
_b
DOM
100
_a
DOEBELIN, Ernest O
245
0
_a
Measurement Systems
260
_a
N.Delhi
_b
TMH
_c
2009
300
_a
701
650
_a
B.Tech(TE)
942
_2
ddc
_c
BK
999
_c
3406
_d
3406